Every Champions League Goalscorer (2024/25) - Statistics

General Stats
  • This quiz has been taken 52 times
  • The average score is 134 of 283
Answer Stats
Answer % Correct
Christian Pulisic
100%
Achraf Hakimi
97%
Antoine Griezmann
97%
Erling Haaland
97%
Mohamed Salah
97%
Ousmane Dembélé
97%
Désiré Doué
94%
Kylian Mbappé
94%
Lamine Yamal
94%
Luis Díaz
94%
Rafael Leão
94%
Raphinha
94%
Vinícius Júnior
94%
Bukayo Saka
91%
Dušan Vlahović
91%
Florian Wirtz
91%
Harry Kane
91%
İlkay Gündoğan
91%
Iñigo Martínez
91%
Julián Alvarez
91%
Khvicha Kvaratskhelia
91%
Lautaro Martínez
91%
Martin Ødegaard
91%
Oleksandr Zinchenko
91%
Robert Lewandowski
91%
Rodrygo
91%
Vitinha
91%
Alphonso Davies
88%
Bradley Barcola
88%
Brahim Díaz
88%
Declan Rice
88%
Gabriel Magalhães
88%
Gabriel Martinelli
88%
Jonathan David
88%
José María Giménez
88%
Jude Bellingham
88%
Kai Havertz
88%
Kim Min-jae
88%
Leandro Trossard
88%
Nuno Mendes
88%
Phil Foden
88%
Santiago Giménez
88%
Serhou Guirassy
88%
Weston McKennie
88%
Ademola Lookman
84%
Cody Gakpo
84%
Denzel Dumfries
84%
Hakan Çalhanoğlu
84%
Jorginho
84%
Ollie Watkins
84%
Tijjani Reijnders
84%
Vangelis Pavlidis
84%
Virgil van Dijk
84%
Youri Tielemans
84%
Antonio Rüdiger
81%
Dominik Szoboszlai
81%
Fabián Ruiz
81%
João Neves
81%
Kenan Yıldız
81%
Leon Bailey
81%
Marcus Thuram
81%
Mateo Kovačić
81%
Michael Olise
81%
Riccardo Calafiori
81%
Viktor Gyökeres
81%
Alexis Mac Allister
78%
Benjamin Šeško
78%
Darwin Núñez
78%
Ibrahima Konaté
78%
Jhon Durán
78%
John McGinn
78%
John Stones
78%
Mehdi Taremi
78%
Ronald Araújo
78%
Ferran Torres
75%
Jurriën Timber
75%
Karim Konaté
75%
Maximiliano Araújo
75%
Savinho
75%
Álex Grimaldo
72%
Giuliano Simeone
72%
Gonçalo Ramos
72%
Mikel Merino
72%
Piero Hincapié
72%
Quinten Timber
72%
Victor Boniface
72%
Álvaro Morata
69%
Ángel Correa
69%
Eric Dier
69%
Jamal Musiala
69%
Jamie Gittens
69%
Malick Thiaw
69%
Matheus Nunes
69%
Nico González
69%
Patrik Schick
69%
Tammy Abraham
69%
Thomas Müller
69%
Timothy Weah
69%
Aleix García
66%
Benjamin Pavard
66%
Donyell Malen
66%
Eric García
66%
Francesco Acerbi
66%
Francisco Conceição
66%
Kingsley Coman
66%
Konrad Laimer
66%
Marko Arnautović
66%
Nahuel Molina
66%
Senny Mayulu
66%
Conor Gallagher
63%
Dani Olmo
63%
Endrick
63%
Jack Grealish
63%
Leroy Sané
63%
Raphaël Guerreiro
63%
Amadou Onana
59%
Ángel Di María
59%
Charles De Ketelaere
59%
Emre Can
59%
Ethan Nwaneri
59%
Fermín López
59%
Ivan Perišić
59%
Karim Adeyemi
59%
Mateo Retegui
59%
Orkun Kökçü
59%
Ramy Bensebaini
59%
Takumi Minamino
59%
Ezri Konsa
56%
Harvey Elliott
56%
Kerem Aktürkoğlu
56%
Leon Goretzka
56%
Loïs Openda
56%
Marco Asensio
56%
Morgan Rogers
56%
Daizen Maeda
53%
Jacob Ramsey
53%
Davide Frattesi
50%
Donny van de Beek
50%
Ian Maatsen
50%
Marcos Llorente
50%
Berat Djimsiti
47%
David López
47%
Mario Pašalić
47%
Nico
47%
Sead Kolašinac
47%
Bruno Petković
44%
Lucas Vázquez
44%
Nicolás Otamendi
44%
Warren Zaïre-Emery
44%
Alexander Bah
41%
Angel Gomes
41%
Denis Zakaria
41%
Éderson
41%
Edon Zhegrova
41%
Ferran Jutglà
41%
Igor Paixão
41%
Marlon Gomes
41%
Nathan Tella
41%
Noa Lang
41%
Yussuf Poulsen
41%
Arnaut Danjuma
38%
Luuk de Jong
38%
Samuel Mbangula
38%
Angelo Stiller
34%
Deniz Undav
34%
Hans Vanaken
34%
Jhon Lucumí
34%
Maximilian Beier
34%
Wilfried Singo
34%
Breel Embolo
31%
Christoph Baumgartner
31%
Dávid Hancko
31%
Eliesse Ben Seghir
31%
James McAtee
31%
Maghnes Akliouche
31%
Mika Biereth
31%
Thijs Dallinga
31%
Ermedin Demirović
28%
Kyogo Furuhashi
28%
Malik Tillman
28%
Nicolas Kühn
28%
Ross Barkley
28%
Samuel Iling-Junior
28%
Zeno Debast
28%
Adam Idah
25%
Arthur Cabral
25%
Edimilson Fernandes
25%
Enzo Millot
25%
Felix Nmecha
25%
Gonçalo Inácio
25%
Hákon Arnar Haraldsson
25%
Johan Bakayoko
25%
Lazar Samardžić
25%
Miguel Gutiérrez
25%
Nordi Mukiele
25%
Raoul Bellanova
25%
Ricardo Pepi
25%
Zeki Amdouni
25%
Maxim De Cuyper
22%
Mitchel Bakker
22%
Pascal Groß
22%
Arne Engels
19%
El Bilal Touré
19%
Gernot Trauner
19%
Ismael Saibari
19%
Marco Brescianini
19%
Mohammed Salisu
19%
Anis Hadj Moussa
16%
Ayase Ueda
16%
Cherif Ndiaye
16%
Christos Tzolis
16%
Jakub Moder
16%
Liam Scales
16%
Martin Baturina
16%
Nemanja Radonjić
16%
Nuno Santos
16%
Rémy Cabella
16%
Reo Hatate
16%
Silas
16%
Thilo Kehrer
16%
Tommaso Pobega
16%
Abdallah Sima
13%
Conrad Harder
13%
George Ilenikhena
13%
Jerdy Schouten
13%
Marko Pjaca
13%
Mathias Pereira Lage
13%
Nicolò Zaniolo
13%
Rade Krunić
13%
Antoni Milambo
9%
Chris Führich
9%
Fabian Rieder
9%
Geny Catamo
9%
Jamie Leweling
9%
Kevin
9%
Mahdi Camara
9%
Petar Sučić
9%
Pierre Lees-Melou
9%
Ryan Flamingo
9%
Albion Rrahmani
6%
Casper Nielsen
6%
Chemsdine Talbi
6%
Daniel Bragança
6%
Felício Milson
6%
Guélor Kanga
6%
Gustaf Nilsson
6%
Josha Vagnoman
6%
Julián Carranza
6%
Julien Le Cardinal
6%
Łukasz Łakomy
6%
Nasser Djiga
6%
Nino Marcelli
6%
Osame Sahraoui
6%
Otar Kiteishvili
6%
Qazim Laçi
6%
Raphael Onyedika
6%
Sandro Kulenović
6%
Danylo Sikan
3%
Dario Špikić
3%
David Strelec
3%
Heorhiy Sudakov
3%
Hugo Magnetti
3%
Idjessi Metsoko
3%
Juanpe
3%
Kaan Kairinen
3%
Kevin Wimmer
3%
Mads Bidstrup
3%
Marko Tolić
3%
Mirko Ivanić
3%
Ngal'ayel Mukau
3%
Silvère Ganvoula
3%
Soungoutou Magassa
3%
Takuya Ogiwara
3%
Tigran Barseghyan
3%
Victor Olatunji
3%
Adam Daghim
0%
Arjan Malić
0%
Couhaib Driouech
0%
Daouda Guindo
0%
Kastriot Imeri
0%
Kyriani Sabbe
0%
Oleksandr Zubkov
0%
Yannik Keitel
0%
No matching quizzes found
Score Distribution
Percent of People with Each Score
Percentile by Number Answered
Your Score History
You have not taken this quiz